Advanced automotive fault diagnosis : automotive technology : vehicle maintenance and repair / Tom Denton. (Record no. 21184)
| 000 -LEADER | |
|---|---|
| fixed length control field | 00680nam a22001937a 4500 |
| 020 ## - INTERNATIONAL STANDARD BOOK NUMBER | |
| ISBN | 9780367330521 |
| 082 ## - DEWEY DECIMAL CLASSIFICATION NUMBER | |
| Classification number | 629.287 |
| Item number | D415 2021 |
| 100 ## - MAIN ENTRY--AUTHOR NAME | |
| Personal name | Denton, Tom, author |
| 245 ## - TITLE STATEMENT | |
| Title | Advanced automotive fault diagnosis : automotive technology : vehicle maintenance and repair / Tom Denton. |
| 250 ## - EDITION STATEMENT | |
| Edition statement | Fifth edition. |
| 260 ## - PUBLICATION, DISTRIBUTION, ETC. (IMPRINT) | |
| Place of publication | Abingdon, OX : |
| Name of publisher | Routledge, |
| Year of publication | ©2021. |
| 300 ## - PHYSICAL DESCRIPTION | |
| Number of Pages | xxi, 396 pages : |
| Other physical details | color illustrations ; 28 cm |
| 500 ## - GENERAL NOTE | |
| General note | Includes index. |
| 650 ## - SUBJECT ADDED ENTRY--TOPICAL TERM | |
| Topical Term | Automobiles -- Maintenance and repair. |
| 650 ## - SUBJECT ADDED ENTRY--TOPICAL TERM | |
| Topical Term | Automobile faults -- Diagnosis. |
| 650 ## - SUBJECT ADDED ENTRY--TOPICAL TERM | |
| Topical Term | Vehicle diagnostics. |
| 650 ## - SUBJECT ADDED ENTRY--TOPICAL TERM | |
| Topical Term | Automotive electrical systems --Troubleshooting. |
| 942 ## - ADDED ENTRY ELEMENTS (KOHA) | |
| Koha item type | Books |
| Source of acquisition | Permanent Location | Date acquired | Koha item type | Collection code | Accession Number | Lost status | Shelving location | Withdrawn status | Current Location | Full call number |
|---|---|---|---|---|---|---|---|---|---|---|
| School | Cagayan State University - Carig Library | 2025-07-14 | Books | Applied Sciences | 010995 | General Collection | Cagayan State University - Carig Library | 629.287 D415 2021 |